00607 a2200181 4500020001800000050001900018100001900037245010800056250001200164264004500176300004900221500001900270504005100289651001800340651001000358700003000368700002700398 a978061881017800aJK274 JAN 2008 aJanda, Kenneth04aThe challenge of democracy :bgovernment in America/cKenneth Janda, Jeffrey M. Berry and Jerry Goldman a9th ed. aBoston:bHoughton Mifflin Company,c2008 a1 v. (various pagings) :bill. (some col.) ; aIncludes index aIncludes bibliographical references and index. 0aUnited States 0aTexas1 aBerry, Jeffrey M.eauthor1 aGoldman, Jerryeauthor